Teatres de Catalunya / a cura de Josep Gràcia
Publicado:
Barcelona :
Generalitat de Catalunya, Departament de Cultura, Institut del Teatre : Caixa de Barcelona ,
1986
Descripción Física:
2 v. ; 22 cm
Materias:
Teatres -- Catalunya
MARC
| LEADER | 00000nam a2200000Ia 4500 | ||
|---|---|---|---|
| 001 | 7573, 7574 | ||
| 008 | 160829s1986 - xx 000 0 cat d | ||
| 080 | |a B-1-149, B-1-150 | ||
| 100 | |a Gràcia, Josep |9 34874 | ||
| 245 | |a Teatres de Catalunya / a cura de Josep Gràcia | ||
| 260 | |a Barcelona : |b Generalitat de Catalunya, Departament de Cultura, Institut del Teatre : |b Caixa de Barcelona, |c 1986 - | ||
| 300 | |a 2 v. ; |c 22 cm | ||
| 590 | |a Conté: v. 1: Barcelona, Barcelonès, Baix Llobregat, Maresme, Vallès Occidental i Oriental; v. 2: Alt Camp, Alt Penedès, Anoia, Bages, Baix Camp, Baix Ebre, Baix Penedès,Berguedà, Conca de Barberà, Garraf, Montsià, osona, Priorat, Ribera d' Ebre, Tarragonès, Terra Alta | ||
| 650 | |a Teatres |x Catalunya |9 34875 | ||
| 710 | 1 | |a Institut del Teatre (Barcelona, Catalunya) |9 52662 | |
| 710 | 2 | |a Catalunya. |b Departament de Cultura |9 52819 | |
| 901 | |a Arxiu | ||
| 942 | |n 1 | ||
| 952 | |0 0 |1 0 |4 0 |6 B1149_B1150 |7 1 |9 46673 |a Arxiu |b Arxiu |d 2016-12-01 |l 0 |o B-1-149, B-1-150 |p 7573, 7574 |r 2016-12-01 00:00:00 |w 2016-12-01 |y ARXIU | ||
| 999 | |c 50466 |d 50466 | ||